[Event "Wch U16"]
[Site "Montesilvano"]
[Date "2023.11.20"]
[Round "7"]
[White "Mattenberger, Matthias"]
[Black "Botea, David Alexandru"]
[Result "1-0"]
[WhiteElo "2285"]
[BlackElo "2005"]
[PlyCount "59"]
[EventDate "2023.11.13"]
[EventType "swiss"]
[EventRounds "11"]
[EventCountry "ITA"]
[SourceTitle "CB48_2023"]
[SourceDate "2023.11.29"]
[SourceVersion "1"]
[SourceVersionDate "2023.11.29"]
[SourceQuality "1"]

1. d4 Nf6 2. c4 e6 3. Nc3 Bb4 4. e3 0-0 5. Bd2 b6 6. Nf3 Bxc3 7. Bxc3 Ne4 8. Rc1 Bb7 9. Be2 d6 10. 0-0 Nxc3 11. Rxc3 Nd7 12. b4 Qe7 13. c5 dxc5 14. bxc5 bxc5 15. dxc5 Nxc5 16. Qc2 Na6 17. Rb1 c5 18. a3 Rab8 19. Ne5 Ba8 20. Rxb8 Rxb8 21. Bxa6 Qd6 22. Nxf7 Qxa6 23. Ng5 g6 24. Rxc5 Qb7 25. f3 Qb1+ 26. Qxb1 Rxb1+ 27. Kf2 Bd5 28. e4 Rb2+ 29. Kg3 Ba2 30. Rc8+ 1-0

[Event "Wch U16"]
[Site "Montesilvano"]
[Date "2023.11.15"]
[Round "3"]
[White "Rohit, S3."]
[Black "Botea, David Alexandru"]
[Result "1/2-1/2"]
[WhiteElo "2223"]
[BlackElo "2005"]
[PlyCount "88"]
[EventDate "2023.11.13"]
[EventType "swiss"]
[EventRounds "11"]
[EventCountry "ITA"]
[SourceTitle "CB48_2023"]
[SourceDate "2023.11.29"]
[SourceVersion "1"]
[SourceVersionDate "2023.11.29"]
[SourceQuality "1"]

1. e4 c5 2. Nf3 d6 3. d4 Nf6 4. Nc3 cxd4 5. Nxd4 a6 6. Be2 e5 7. Nb3 Be7 8. Be3 Be6 9. Nd5 Nxd5 10. exd5 Bf5 11. Qd2 Qc7 12. Rc1 Bg6 13. 0-0 0-0 14. c4 b6 15. f4 exf4 16. Bxf4 Nd7 17. Nd4 Bf6 18. b4 Rfe8 19. Nc6 Ne5 20. Bxe5 Bxe5 21. Bd3 Bxd3 22. Qxd3 a5 23. bxa5 bxa5 24. Rb1 Bf6 25. a4 Bg5 26. Rf3 g6 27. Kf1 f5 28. Qc2 Re4 29. Rfb3 Qg7 30. Rb8+ Re8 31. Rxa8 Rxa8 32. Qb2 Qh6 33. Kg1 Be3+ 34. Kh1 Bf4 35. h3 Qh4 36. Nd4 Re8 37. Ne6 Be5 38. Qb5 Rxe6 39. dxe6 Qg3 40. Qe8+ Kg7 41. Rb7+ Kh6 42. Qf8+ Kg5 43. Qd8+ Kh6 44. Qf8+ Kg5 1/2-1/2

[Event "Sebes GP op"]
[Site "Sebes"]
[Date "2023.11.04"]
[Round "2"]
[White "Botea, David Alexandru"]
[Black "David, Alexandru Vasile"]
[Result "0-1"]
[WhiteElo "1949"]
[BlackElo "2372"]
[PlyCount "96"]
[EventDate "2023.11.04"]
[EventType "swiss"]
[EventRounds "10"]
[EventCountry "ROU"]
[SourceTitle "CB46_2023"]
[SourceDate "2023.11.15"]
[SourceVersion "1"]
[SourceVersionDate "2023.11.15"]
[SourceQuality "1"]

1. e4 c5 2. Nf3 e6 3. d4 cxd4 4. Nxd4 Nf6 5. Nc3 Nc6 6. Ndb5 Bc5 7. Nd6+ Ke7 8. Bf4 e5 9. Nf5+ Kf8 10. Bg5 d6 11. Bd3 h6 12. Bxf6 Qxf6 13. Nd5 Qd8 14. 0-0 g6 15. Nfe3 Kg7 16. c3 a6 17. b4 Ba7 18. Be2 Be6 19. Qd3 Rf8 20. Rfd1 f5 21. Bf3 Rc8 22. a4 Nb8 23. Rd2 Qg5 24. Rad1 Rf7 25. Nc4 Rd8 26. Nde3 f4 27. Nc2 Rfd7 28. Qe2 Bxc4 29. Qxc4 h5 30. Na3 Nc6 31. Qe2 Ne7 32. Nc4 Qf6 33. Rd3 Kh6 34. h3 Qe6 35. Rd5 Nxd5 36. Rxd5 Bb8 37. Qd3 g5 38. Qd1 Qf7 39. Nb6 Re7 40. c4 Bc7 41. a5 Rg8 42. Na4 Qg6 43. c5 dxc5 44. Nxc5 g4 45. hxg4 hxg4 46. Be2 f3 47. Bf1 Rf7 48. Nd7 g3 0-1

[Event "Wch U14"]
[Site "Mamaia"]
[Date "2022.09.09"]
[Round "4"]
[White "Botea, David Alexandru"]
[Black "Kvaloy, Aksel Bu"]
[Result "0-1"]
[WhiteElo "1982"]
[BlackElo "2295"]
[PlyCount "94"]
[EventDate "2022.09.06"]
[EventType "swiss"]
[EventRounds "11"]
[EventCountry "ROU"]
[SourceTitle "CBM 210 Extra"]
[Source "ChessBase"]
[SourceDate "2022.11.30"]
[SourceVersion "1"]
[SourceVersionDate "2022.11.30"]
[SourceQuality "1"]

1. e4 e5 2. Nf3 Nc6 3. Bc4 Nf6 4. d3 Bc5 5. c3 a6 6. a4 d6 7. 0-0 Ba7 8. Re1 h6 9. Nbd2 0-0 10. h3 Re8 11. Nf1 Be6 12. Bxe6 Rxe6 13. Be3 Bxe3 14. Nxe3 Ne7 15. Qc2 Qd7 16. Rad1 Re8 17. b4 Nh5 18. Kh2 Ng6 19. Nf5 Nf6 20. a5 Nf4 21. g3 Ng6 22. N3h4 Nxh4 23. Nxh4 d5 24. Ng2 Qc6 25. f3 Rd8 26. Ne3 g6 27. Qb3 Red6 28. exd5 Nxd5 29. Nxd5 Rxd5 30. Re3 Kg7 31. d4 exd4 32. Red3 Qe6 33. Qb2 Re5 34. R1d2 dxc3 35. Qxc3 Rxd3 36. Qxd3 c6 37. Kg2 Kh7 38. h4 Re3 39. Qd7 Re2+ 40. Kf1 Rxd2 41. Qxd2 Qh3+ 42. Kf2 Qh2+ 43. Ke3 Qxg3 44. Qd8 Qe1+ 45. Kf4 Qxb4+ 46. Kg3 Qe1+ 47. Kh3 Qe6+ 0-1

[Event "Wch U14"]
[Site "Mamaia"]
[Date "2022.09.07"]
[Round "2"]
[White "Botea, David Alexandru"]
[Black "Magold, Filip"]
[Result "0-1"]
[WhiteElo "1982"]
[BlackElo "2267"]
[PlyCount "84"]
[EventDate "2022.09.06"]
[EventType "swiss"]
[EventRounds "11"]
[EventCountry "ROU"]
[SourceTitle "CBM 210 Extra"]
[Source "ChessBase"]
[SourceDate "2022.11.30"]
[SourceVersion "1"]
[SourceVersionDate "2022.11.30"]
[SourceQuality "1"]

1. e4 c5 2. Nf3 d6 3. d4 cxd4 4. Nxd4 Nf6 5. Nc3 a6 6. f3 e5 7. Nb3 Be7 8. Be3 Be6 9. Qd2 0-0 10. 0-0-0 a5 11. a4 Na6 12. g4 Nb4 13. Kb1 Rc8 14. Qf2 d5 15. Bb6 Qd6 16. Bxa5 d4 17. Nb5 Qc6 18. Bxb4 Bxb4 19. Nc1 Ra8 20. b3 Nd7 21. Nd3 Be7 22. Qd2 Rfc8 23. Rg1 f6 24. Rg2 Nb6 25. Nb2 Bf7 26. Bd3 Qe6 27. f4 exf4 28. Nxd4 Qe5 29. Nf3 Qc5 30. Qf2 Qb4 31. Qd4 Qa5 32. e5 Bd5 33. Qxf4 Qc3 34. Rf2 Ba3 35. Qc1 Nxa4 36. bxa4 Ba2+ 37. Kxa2 Bxb2 38. Qxb2 Rxa4+ 39. Kb1 Rb4 40. Qxb4 Qxb4+ 41. Kc1 Ra8 42. Bc4+ Kf8 0-1

[Event "Veliko Gradiste Silver Lake op-A"]
[Site "Veliko Gradiste"]
[Date "2022.06.23"]
[Round "6"]
[White "Botea, David Alexandru"]
[Black "Martic, Ivan"]
[Result "0-1"]
[WhiteElo "1888"]
[BlackElo "2314"]
[PlyCount "76"]
[EventDate "2022.06.19"]
[EventType "swiss"]
[EventRounds "9"]
[EventCountry "SRB"]
[SourceTitle "CBM 209 Extra"]
[Source "ChessBase"]
[SourceDate "2022.09.30"]
[SourceVersion "1"]
[SourceVersionDate "2022.09.30"]
[SourceQuality "1"]

1. e4 c5 2. Nf3 Nc6 3. d4 cxd4 4. Nxd4 Qb6 5. Nb3 Nf6 6. Nc3 e6 7. Bd3 a6 8. Be3 Qc7 9. f4 d6 10. g4 b5 11. Qf3 Bb7 12. g5 Nd7 13. 0-0-0 Nb4 14. Kb1 Rc8 15. a3 Nxd3 16. Rxd3 Nc5 17. Nxc5 dxc5 18. Rhd1 b4 19. axb4 cxb4 20. Qf2 Be7 21. Rd7 Qc6 22. Na4 b3 23. Nc5 bxc2+ 24. Qxc2 Ba8 25. Qd3 h6 26. Ra7 hxg5 27. Rxa6 Qc7 28. Qb5+ Bc6 29. Qc4 gxf4 30. Bg1 0-0 31. Rc1 Rfd8 32. Nd3 Rxd3 33. Qxd3 Bb5 34. Qxb5 Qxc1+ 35. Ka2 Qxg1 36. Qd7 Qc5 37. Ra7 Qc4+ 38. Ka1 Rd8 0-1

[Event "ROM-ch Rapid"]
[Site "Bucharest"]
[Date "2022.03.12"]
[Round "7"]
[White "Botea, David Alexandru"]
[Black "Antonica, Dragos Andrei"]
[Result "0-1"]
[WhiteElo "1838"]
[BlackElo "2350"]
[PlyCount "110"]
[EventDate "2022.03.11"]
[EventType "swiss (rapid)"]
[EventRounds "9"]
[EventCountry "ROU"]
[SourceTitle "CBM 207 Extra"]
[Source "ChessBase"]
[SourceDate "2022.05.31"]
[SourceVersion "1"]
[SourceVersionDate "2022.05.31"]
[SourceQuality "1"]

1. e4 d5 2. exd5 Qxd5 3. Nc3 Qd8 4. d4 Nf6 5. Nf3 Bg4 6. h3 Bxf3 7. Qxf3 c6 8. Be3 e6 9. g4 Nbd7 10. 0-0-0 Bb4 11. Ne4 Nxe4 12. Qxe4 Nf6 13. Qf3 Qd5 14. Qxd5 cxd5 15. Bd3 h5 16. g5 Nd7 17. h4 Ke7 18. c3 Bd6 19. Kd2 g6 20. b3 Rac8 21. c4 dxc4 22. bxc4 b6 23. Rb1 Rhd8 24. Ke2 e5 25. Rhf1 exd4 26. Bxd4 Be5 27. Be3 Nc5 28. Bxc5+ Rxc5 29. f4 Bc7 30. Rb5 Rxb5 31. cxb5 Rd4 32. Ke3 Ra4 33. f5 gxf5 34. Rxf5 Rxh4 35. Be4 Rg4 36. Bd5 h4 37. Bxf7 h3 38. g6 h2 39. Rh5 Kf6 40. Be8 Rg1 41. Bc6 Kxg6 42. Rh8 Be5 43. Rh3 Ra1 44. Bd5 Kg5 45. Kf2 Rb1 46. a4 Ra1 47. Bf3 Rxa4 48. Rh5+ Kf6 49. Kg2 Ra2+ 50. Kf1 Rb2 51. Bc6 Bf4 52. Bd7 Rb1+ 53. Kg2 Rg1+ 54. Kf3 Bd6 55. Rh6+ Ke7 0-1

[Event "Titled Tuesday intern op 25th Jan"]
[Site "Chess.com INT"]
[Date "2022.01.25"]
[Round "8"]
[White "Langner, Ladislav"]
[Black "Botea, David Alexandru"]
[Result "1/2-1/2"]
[WhiteElo "2374"]
[BlackElo "1909"]
[PlyCount "95"]
[EventDate "2022.01.25"]
[EventType "swiss (blitz)"]
[EventRounds "11"]
[EventCountry "USA"]
[SourceTitle "CBM 206 Extra"]
[Source "ChessBase"]
[SourceDate "2022.03.31"]
[SourceVersion "1"]
[SourceVersionDate "2022.03.31"]
[SourceQuality "1"]

1. e4 e6 2. d4 d5 3. e5 c5 4. c3 Qb6 5. Nf3 Nc6 6. a3 c4 7. Nbd2 Bd7 8. Be2 0-0-0 9. Nf1 Na5 10. N3d2 Kb8 11. Ne3 Ne7 12. 0-0 Nc8 13. f4 g6 14. g4 Qc7 15. Qe1 Nb6 16. Qh4 Na4 17. f5 Bc6 18. fxg6 Be7 19. Qg3 fxg6 20. g5 Rdf8 21. h4 h6 22. Nf3 hxg5 23. Nxg5 Rxf1+ 24. Nxf1 Bxg5 25. Qxg5 Qh7 26. Bg4 Bd7 27. Nh2 Qxh4 28. Qxh4 Rxh4 29. Bg5 Rh7 30. Rf1 Nxb2 31. Rf8+ Kc7 32. Bd8+ Kc6 33. Bxa5 Nd3 34. Bb4 b6 35. Be2 Nc1 36. Bd1 a5 37. Bd6 Na2 38. Ba4+ Kb7 39. Rb8+ Ka7 40. Bc2 Nxc3 41. Rd8 Ba4 42. Bxa4 Nxa4 43. Nf3 c3 44. Rc8 Kb7 45. Rb8+ Ka7 46. Rc8 Kb7 47. Rb8+ Ka7 48. Rc8 1/2-1/2

[Event "Titled Tuesday intern op 28th Dec"]
[Site "Chess.com INT"]
[Date "2021.12.28"]
[Round "3"]
[White "Botea, David Alexandru"]
[Black "Srebrnic, Marko"]
[Result "0-1"]
[WhiteElo "1909"]
[BlackElo "2372"]
[PlyCount "74"]
[EventDate "2021.12.28"]
[EventType "swiss (blitz)"]
[EventRounds "11"]
[EventCountry "USA"]
[SourceTitle "CBM 206 Extra"]
[Source "ChessBase"]
[SourceDate "2022.03.31"]
[SourceVersion "1"]
[SourceVersionDate "2022.03.31"]
[SourceQuality "1"]

1. e4 c5 2. Nf3 Nc6 3. d4 cxd4 4. Nxd4 e5 5. Nb5 d6 6. N1c3 a6 7. Na3 Be7 8. Nd5 Nf6 9. Nxf6+ Bxf6 10. Be3 0-0 11. Be2 Bg5 12. Bxg5 Qxg5 13. 0-0 Bh3 14. Bf3 Rad8 15. Kh1 Be6 16. c3 Ne7 17. Nc2 Ng6 18. Ne3 Nh4 19. g3 Nxf3 20. Qxf3 f5 21. exf5 d5 22. h4 Qe7 23. Qg4 Bc8 24. Rad1 d4 25. cxd4 exd4 26. Rxd4 b5 27. Rfd1 Bb7+ 28. Kh2 Rxd4 29. Qxd4 Kh8 30. Qd6 Qe8 31. Rd4 h6 32. Qd7 Qb8 33. Rd6 Bc8 34. Qe7 Rg8 35. f6 Qb7 36. fxg7+ Kh7 37. Qe4+ Qxe4 0-1

[Event "Titled Tuesday intern op 28th Dec"]
[Site "Chess.com INT"]
[Date "2021.12.28"]
[Round "10"]
[White "Leve, Nitai D"]
[Black "Botea, David Alexandru"]
[Result "1/2-1/2"]
[WhiteElo "2128"]
[BlackElo "1909"]
[PlyCount "122"]
[EventDate "2021.12.28"]
[EventType "swiss (blitz)"]
[EventRounds "11"]
[EventCountry "USA"]
[SourceTitle "CBM 206 Extra"]
[Source "ChessBase"]
[SourceDate "2022.03.31"]
[SourceVersion "1"]
[SourceVersionDate "2022.03.31"]
[SourceQuality "1"]

1. e4 e6 2. d4 d5 3. Nd2 c5 4. exd5 exd5 5. Ngf3 Nc6 6. Bb5 Qe7+ 7. Qe2 Qxe2+ 8. Kxe2 a6 9. Bxc6+ bxc6 10. Re1 f6 11. Kf1+ Kf7 12. Nb3 cxd4 13. Nfxd4 c5 14. Nf3 Bg4 15. Be3 d4 16. Bf4 Bxf3 17. gxf3 g5 18. Bg3 h5 19. h3 Nh6 20. Rad1 Nf5 21. c3 Rd8 22. cxd4 cxd4 23. Bc7 Rd7 24. Bb6 d3 25. Bc5 Rd5 26. Bxf8 Rxf8 27. Rd2 Nh4 28. Re3 Rfd8 29. Nc1 f5 30. Rexd3 Nxf3 31. Rd1 Rxd3 32. Rxd3 Rxd3 33. Nxd3 Nd2+ 34. Ke2 Nc4 35. b4 a5 36. bxa5 Nxa5 37. Kd2 Ke6 38. Kc3 g4 39. h4 Kf6 40. Nf4 Ke5 41. Nxh5 Ke4 42. Ng3+ Kf4 43. h5 Kg5 44. h6 Kxh6 45. Nxf5+ Kg5 46. Ne3 Kf4 47. Kd4 Kf3 48. a4 Nb3+ 49. Kc3 Na5 50. Kb4 Nc6+ 51. Kc5 Na5 52. Kb5 Nb7 53. Kc6 Na5+ 54. Kd5 g3 55. fxg3 Kxe3 56. Kc5 Kf3 57. Kb5 Nb7 58. Kc6 Na5+ 59. Kb5 Nb7 60. a5 Nxa5 61. Kxa5 Kxg3 1/2-1/2

[Event "Titled Tuesday intern op 28th Dec"]
[Site "Chess.com INT"]
[Date "2021.12.28"]
[Round "5"]
[White "Terletsky, Oleg"]
[Black "Botea, David Alexandru"]
[Result "0-1"]
[WhiteElo "2154"]
[BlackElo "1909"]
[PlyCount "108"]
[EventDate "2021.12.28"]
[EventType "swiss (blitz)"]
[EventRounds "11"]
[EventCountry "USA"]
[SourceTitle "CBM 206 Extra"]
[Source "ChessBase"]
[SourceDate "2022.03.31"]
[SourceVersion "1"]
[SourceVersionDate "2022.03.31"]
[SourceQuality "1"]

1. e4 e6 2. d4 d5 3. Nd2 c5 4. Ngf3 Nc6 5. exd5 exd5 6. Bb5 Qe7+ 7. Be2 Qc7 8. 0-0 Nf6 9. Re1 cxd4 10. Nb3 Bb4 11. c3 dxc3 12. bxc3 Bxc3 13. Ba3 Bxe1 14. Qxe1 Be6 15. Rb1 Ne4 16. Nfd4 Nxd4 17. Nxd4 Qc3 18. Nb5 Qxe1+ 19. Rxe1 Kd7 20. f3 Nf6 21. Nd6 a6 22. Nxb7 Rhc8 23. Nc5+ Kd8 24. Bb4 a5 25. Bxa5+ Ke7 26. Bb4 Kd8 27. a3 Nd7 28. Nb7+ Kc7 29. Nd6 Rcb8 30. Bb5 Rb6 31. Rc1+ Kd8 32. a4 Ne5 33. Bc5 Rxb5 34. axb5 Nd3 35. Bb6+ Kd7 36. Rc6 Nb4 37. Rc7+ Kxd6 38. Rb7 Ra1+ 39. Kf2 Nd3+ 40. Kg3 Bf5 41. Bc7+ Ke6 42. Bf4 Nxf4 43. Kxf4 Rb1 44. Rb6+ Ke7 45. g4 Be6 46. Rb7+ Kd6 47. Rb6+ Kc5 48. Rb8 Rxb5 49. Rg8 Kd4 50. Rd8 Rb2 51. h4 Rh2 52. h5 Rh4 53. Kg5 Rh1 54. f4 h6# 0-1

[Event "Titled Tuesday intern op 21st Dec"]
[Site "Chess.com INT"]
[Date "2021.12.21"]
[Round "2"]
[White "Botea, David Alexandru"]
[Black "Buchenau, Frank"]
[Result "1/2-1/2"]
[WhiteElo "1909"]
[BlackElo "2265"]
[PlyCount "83"]
[EventDate "2021.12.21"]
[EventType "swiss (blitz)"]
[EventRounds "11"]
[EventCountry "USA"]
[SourceTitle "CBM 205 Extra"]
[Source "ChessBase"]
[SourceDate "2022.01.31"]
[SourceVersion "1"]
[SourceVersionDate "2022.01.31"]
[SourceQuality "1"]

1. e4 e6 2. d4 d5 3. Nd2 Nf6 4. e5 Nfd7 5. Bd3 c5 6. c3 b6 7. Ne2 Ba6 8. Bxa6 Nxa6 9. 0-0 b5 10. f4 g6 11. Nf3 h5 12. Be3 c4 13. g3 Be7 14. h3 Qb6 15. a3 Nc7 16. Kg2 a5 17. g4 hxg4 18. hxg4 Qc6 19. Rh1 0-0-0 20. Ng3 Kb7 21. Kf2 b4 22. axb4 axb4 23. f5 gxf5 24. gxf5 f6 25. exf6 Bxf6 26. fxe6 Nxe6 27. cxb4 Rxh1 28. Qxh1 Rf8 29. Kg2 Qd6 30. Nf5 Rg8+ 31. Kf2 Qxb4 32. Qe1 Qxe1+ 33. Kxe1 Ng5 34. Nxg5 Bxg5 35. Ra5 Nb6 36. Bxg5 Rxg5 37. Ne3 Kc6 38. Rc5+ Kd6 39. Rb5 Kc6 40. Rc5+ Kd6 41. Rb5 Kc6 42. Rc5+ 1/2-1/2

[Event "Romanian op"]
[Site "Alba Iulia"]
[Date "2021.11.21"]
[Round "1"]
[White "Pasztor, Balazs"]
[Black "Botea, David Alexandru"]
[Result "1-0"]
[WhiteElo "2356"]
[BlackElo "2013"]
[PlyCount "45"]
[EventDate "2021.11.21"]
[EventType "swiss"]
[EventRounds "9"]
[EventCountry "ROU"]
[SourceTitle "CBM 205 Extra"]
[Source "ChessBase"]
[SourceDate "2022.01.31"]
[SourceVersion "1"]
[SourceVersionDate "2022.01.31"]
[SourceQuality "1"]

1. e4 d6 2. d4 Nf6 3. Nc3 g6 4. Nf3 Bg7 5. Be3 0-0 6. Qd2 a6 7. Bh6 b5 8. Bd3 Nc6 9. Bxg7 Kxg7 10. e5 Nd7 11. h4 dxe5 12. h5 Rh8 13. 0-0-0 Nxd4 14. h6+ Kg8 15. Nxd4 exd4 16. Be4 Rb8 17. Qxd4 Qf8 18. Nd5 Nf6 19. Nxf6+ exf6 20. Qxf6 Be6 21. Kb1 Re8 22. Bc6 Rb8 23. Rd2 1-0